Pays enclavés - Mort subite - Statistiques

Statistiques générales
  • Ce quiz a été pris 129 fois
  • Le résultat moyen est 6 sur 15
Answers on the Grid
Answers color-coded by a green-red scale on the quiz's grid according to % correct below.
Bosnie-Herzégovine
Irak
RD Congo
Jordanie
Biélorussie
Togo
Géorgie
Moldavie
Ouzbékistan
Arménie
Mongolie
Éthiopie
Paraguay
Eswatini
Slovénie
France
Népal
Soudan
Zambie
Suisse
Lesotho
Arabie saoudite
Syrie
Cambodge
Roumanie
Guatemala
Gambie
Malawi
Ouganda
Tchad
 
Statistiques - réponses
Réponse % Correct
Suisse
59%
Népal
51%
Lesotho
47%
Mongolie
41%
Tchad
41%
Paraguay
39%
Biélorussie
36%
Malawi
36%
Moldavie
34%
Ouganda
34%
Ouzbékistan
33%
Eswatini
30%
Zambie
29%
Arménie
26%
Éthiopie
20%
Aucun quiz correspondant
Distribution des résultats
% des personnes avec chaque résultat
Percentile par nombre de réponses
Votre historique - résultats
Vous n’avez pas pris ce quiz